Cuadernos de derecho societario (Registro nro. 1310)
[ vista simple ]
| 000 -LEADER | |
|---|---|
| fixed length control field | 02397 a2200253 4500 |
| 001 - CONTROL NUMBER | |
| control field | 25199 |
| 005 - DATE AND TIME OF LATEST TRANSACTION | |
| control field | 20260407155535.0 |
| 008 - FIXED-LENGTH DATA ELEMENTS--GENERAL INFORMATION | |
| fixed length control field | 260407a1978 arg spa d |
| 003 - CONTROL NUMBER IDENTIFIER | |
| control field | AR-UNSa-BCEJYS |
| 040 ## - CATALOGING SOURCE | |
| Original cataloging agency | AR-UNSa-BCEJYS |
| Language of cataloging | spa |
| Transcribing agency | AR-UNSa-BCEJYS |
| 080 ## - UNIVERSAL DECIMAL CLASSIFICATION NUMBER | |
| Universal Decimal Classification number | 347.72 |
| Common auxiliary subdivision | Sociedades comerciales |
| 020 ## - INTERNATIONAL STANDARD BOOK NUMBER | |
| International Standard Book Number | 950-20-0071-4 |
| 100 1# - MAIN ENTRY--PERSONAL NAME | |
| Personal name | Zaldívar, Enrique |
| 245 10 - TITLE STATEMENT | |
| Title | Cuadernos de derecho societario |
| 264 #1 - PRODUCTION, PUBLICATION, DISTRIBUTION, MANUFACTURE, AND COPYRIGHT NOTICE | |
| Place of production, publication, distribution, manufacture | Buenos Aires : |
| Name of producer, publisher, distributor, manufacturer | Abeledo Perrot |
| Date of production, publication, distribution, manufacture, or copyright notice | 1978 |
| 300 ## - PHYSICAL DESCRIPTION | |
| Extent | 4 v. |
| Dimensions | 23 cm. |
| 505 ## - FORMATTED CONTENTS NOTE | |
| Formatted contents note | Vol. I: Aspectos jurídicos generales: 1. Ubicación de la sociedad comercial en el ámbito jurídico - 2. Constitución de las sociedades - 3. Personalidad de las sociedades - 4. Los socios - 5. Patrimonio y capital social - 6. Domicilio - denominación - objeto - 7. La organización - 8. Régimen de la documentación y contabilidad - 9. Participación en las utilidades y soportación de las pérdidas -- Vol. II: Sociedades por partes de interés y por cuotas: Parte I: 1. La sociedad colectiva - 2. La sociedad en comandita simple - 3. La sociedad de capital e industria - 4. La sociedad accidental o en participación -- Parte II: Sociedades de responsabilidad limitada -- Vol. III: Sociedades anónimas y en comandita por acciones: 1. Consideraciones generales sobre las sociedades por acciones - 2. Régimen de la intervención del estado - 3. La sociedad anónima. Caracterización y aspectos particulares. Régimen de constitución - 4. El capital social - 5. Acciones - 6. Bonos y deventures - 7. Gobierno - 8. El voto acumulativo para las elecciones en los órganos sociales - 9. Administración y representación - 10. Análisis e interpretación de las normas sobre documentación y estados contables de sociedades por acciones - 11. Fiscalización interna - 12. Sociedades en comandita por acciones -- Vol. IV: Aspectos particulares en la evolución de las sociedades: 1. Grupos y concentración de sociedades - 2. Transformación - 3. Fusión - 4. Escisión - 5. "Resolución parcial" - 6. Disolución - 7. Prórroga - 8. Reactivación de sociedades disueltas - 9. Liquidación - 10. Intervención judicial e intervención administrativa de las sociedades - 11. Arbitraje |
| 590 ## - LOCAL NOTE (RLIN) | |
| Local note | niveau_biblio:m niveau_hierar:0 |
| 700 1# - ADDED ENTRY--PERSONAL NAME | |
| Personal name | Ragazzi, Gillermo Enrique |
| 700 1# - ADDED ENTRY--PERSONAL NAME | |
| Personal name | Rovira, Alfredo L. |
| 700 1# - ADDED ENTRY--PERSONAL NAME | |
| Personal name | Manovil, Rafael M. |
| 700 1# - ADDED ENTRY--PERSONAL NAME | |
| Personal name | San Millan, Carlos |
| 942 ## - ADDED ENTRY ELEMENTS (KOHA) | |
| Koha item type | |
| Withdrawn status | Lost status | Damaged status | Not for loan | Home library | Current library | Shelving location | Date acquired | Total checkouts | Full call number | Barcode | Date last seen | Price effective from | Koha item type |
|---|---|---|---|---|---|---|---|---|---|---|---|---|---|
| Biblioteca Prof. Eusebio Cleto del Rey | Biblioteca Prof. Eusebio Cleto del Rey | 07/04/2026 | 347.72 Z22u v.2 | L33269 | 07/04/2026 | 07/04/2026 | Libro | ||||||
| Biblioteca Prof. Eusebio Cleto del Rey | Biblioteca Prof. Eusebio Cleto del Rey | 07/04/2026 | 347.72 Z22u v.3 | L33270 | 07/04/2026 | 07/04/2026 | Libro | ||||||
| Biblioteca Prof. Eusebio Cleto del Rey | Biblioteca Prof. Eusebio Cleto del Rey | 07/04/2026 | 347.72 Z22u v.4 | L33271 | 07/04/2026 | 07/04/2026 | Libro | ||||||
| Biblioteca Prof. Eusebio Cleto del Rey | Biblioteca Prof. Eusebio Cleto del Rey | 07/04/2026 | 347.72 Z22u v.1 | L33268 | 07/04/2026 | 07/04/2026 | Libro |